01548nam a22002417a 450000500170000000800410001702000180005804000070007604100120008308200200009510000260011524501450014126000440028630000260033036500520035652006140040865000230102265000220104570000280106794200120109599900190110795201800112620240701092022.0240701b ||||| |||| 00| 0 eng d a9789393559883 cAL aEnglish 223a155.2bHOLP aPeter Hollins9172018 aPsychological Triggers: Human Nature Irrationality and Why We Do What We DobThe Hidden Influences Behind Our Actions Thoughts and Behaviors aAhmedabadbJaico Publishing Housec2018 a173 p.bPBc20x13 cm. a593b₹280.00c₹d₹350.00e20%f03-05-2024 aHuman Nature, Irrationality and Why We Do What We Do UNDERSTAND, AVOID AND DEFEAT THE SUBCONSCIOUS CAUSES OF YOUR IRRATIONAL AND SELF-DEFEATING BEHAVIORS. Seize control of your impulses and make better decisions. Psychological Triggers is an introduction to yourself —your impulses, your desires and everything in your subconscious that drives you to action. This book answers the question: “Why did I just make a terrible choice when I know I shouldn’t have?” We are all slaves to our triggers, and this book seeks to identify them to better battle them. MASTER YOUR PSYCHOLOGY, MASTER YOUR LIFE. aPsychology9172014 aSelf-Help9172015 aHOLLINS (Peter)9172016 2ddccBK c231332d231332 00102ddc40708PSYaALbALd2024-05-14eBiblios Book Point Surathkal Mangalore 575014g280.00l2o155.2 HOLPp077200r2026-02-16 11:51:17s2026-02-07v350.00w2024-07-01yBK